000 00956cam a2200217 i 4500
005 20251207083808.0
008 250721s2000 jo gr 000 0 ara d
082 1 4 _a214.61
_bا ب ن
100 1 _aابن الجوزي، أبو الفرج جمال الدين عبد الرحمن بن علي،
_d- 579 ه،
_eمؤلف.
245 1 0 _aبستان الواعظين ورياض السامعين /
_cلأبي الفرج عبد الرحمن بن علي بن محمد ابن الجوزي ؛ تحقيق جمال عبد الغني مدغمش.
250 _aالطبعة الأولى.
264 3 1 _aعمان :
_bدار الإسراء للنشر والتوزيع،
_c2000.
300 _a295 صفحة.
650 1 7 _aالإسلام.
650 1 7 _aالعقيدة الدينية.
650 1 7 _aالإيمان.
650 1 7 _aعلم الكلام.
700 1 _aمدغمش، جمال عبد الغني
_eمحقق.
942 _2ddc
_cBK
999 _c5706
_d5706